Co w powiedzeniu bywa czarne, choć w rzeczywistości nie ma żadnego kol - Statystyki

Ogólne statystyki
  • Ten quiz został rozwiązany 7 razy
  • Średni wynik to 2 z 6
Statystyki odpowiedzi
Hint Odpowiedź % Poprawnych
2. myśli
57%
1. owca
57%
6. humor
43%
3. godzina
0%
4. piątek
0%
5. seria
0%
Nie znaleziono quizów pasujących do podanych kryteriów
Rozkład punktacji
Procent ludzi z każdym wynikiem
Percentyl według liczby udzielonych odpowiedzi
Twoja historia wyników
Nie rozwiązałeś tego quizu